| 000 | 00837cam a2200229 i 4500 | ||
|---|---|---|---|
| 999 |
_c58182 _d58182 |
||
| 001 | 18842705 | ||
| 005 | 20221110124546.0 | ||
| 008 | 151103s2016 nyu 001 0 eng | ||
| 020 |
_a9780071845366x _q(softcover) |
||
| 041 | _aeng | ||
| 080 | _a004.03 S-70 | ||
| 100 | 1 |
_aSoyinka, Wale _912353 |
|
| 245 | 1 | 0 |
_aLinux administration : _ba beginner's guide / _cWale Soyinka. |
| 250 | _aSeventh edition. | ||
| 264 | 1 |
_aNew York : _bMcGraw-Hill Education, _c[2016]. |
|
| 300 |
_axxxii, 816 pages ; _c24 cm. |
||
| 440 |
_aPublished by McGraw-Hill _912354 |
||
| 653 | _aLinux Administration : A Beginners Guide | ||
| 653 | _aსისტემის სახეობები და თავისებურებები | ||
| 653 | _aსაინფორმაციო ტექნოლოგიები | ||
| 942 |
_2udc _cBK |
||